Unscramble the Countries - Statistics

General Stats
  • This quiz has been taken 897 times
  • The average score is 9 of 15
Answer Stats
Answer % Correct
finland
82%
vanuatu
76%
russia
73%
kiribati
69%
mongolia
69%
guatemala
67%
comoros
66%
liechtenstein
66%
colombia
57%
ireland
57%
romania
54%
australia
47%
el salvador
35%
sierra leone
22%
east timor
18%
No matching quizzes found
Score Distribution
Percent of People with Each Score
Percentile by Number Answered
Your Score History
You have not taken this quiz